The spirit of creation : (Record no. 10168)
[ view plain ]
| 000 -LEADER | |
|---|---|
| fixed length control field | 01629cam a22003374a 4500 |
| 001 - CONTROL NUMBER | |
| control field | 16640772 |
| 003 - CONTROL NUMBER IDENTIFIER | |
| control field | GBCCL |
| 005 - DATE AND TIME OF LATEST TRANSACTION | |
| control field | 20241126110726.0 |
| 008 - FIXED-LENGTH DATA ELEMENTS--GENERAL INFORMATION | |
| fixed length control field | 110207s2011 miu b 001 0 eng |
| 010 ## - | |
| -- | 2011004119 |
| 020 ## - INTERNATIONAL STANDARD BOOK NUMBER | |
| International Standard Book Number | 9780802866127 (pbk. : alk. paper) |
| 020 ## - INTERNATIONAL STANDARD BOOK NUMBER | |
| International Standard Book Number | 0802866123 (pbk. : alk. paper) |
| 035 ## - SYSTEM CONTROL NUMBER | |
| System control number | (OCoLC)ocn701328634 |
| 040 ## - CATALOGING SOURCE | |
| Original cataloging agency | DLC |
| Transcribing agency | DLC |
| Modifying agency | YDX |
| -- | EMT |
| -- | HNW |
| -- | YDXCP |
| -- | CDX |
| -- | DLC |
| 042 ## - | |
| -- | pcc |
| 050 00 - | |
| -- | BL240.3 |
| -- | .Y66 2011 |
| 082 00 - DEWEY DECIMAL CLASSIFICATION NUMBER | |
| Classification number | 261.55 |
| Edition information | 22 |
| Item number | YON |
| 100 1# - MAIN ENTRY--PERSONAL NAME | |
| Personal name | Yong, Amos. |
| 9 (RLIN) | 17642 |
| 245 14 - TITLE STATEMENT | |
| Title | The spirit of creation : |
| Remainder of title | modern science and divine action in the Pentecostal-charismatic imagination / |
| Statement of responsibility, etc. | Amos Yong. |
| 260 ## - PUBLICATION, DISTRIBUTION, ETC. | |
| Place of publication, distribution, etc. | Grand Rapids, Mich. : |
| Name of publisher, distributor, etc. | W.B. Eerdmans Pub. Co., |
| Date of publication, distribution, etc. | 2011. |
| 300 ## - PHYSICAL DESCRIPTION | |
| Extent | xiv, 237 p. ; |
| Dimensions | 23 cm. |
| 490 1# - SERIES STATEMENT | |
| Series statement | Pentecostal manifestos |
| 504 ## - BIBLIOGRAPHY, ETC. NOTE | |
| Bibliography, etc. note | Includes bibliographical references and indexes. |
| 505 0# - FORMATTED CONTENTS NOTE | |
| Formatted contents note | The Pentecostal encounter with science : whence and whither? -- The science of Pentecostalism : spirit and interdisciplinarity in theology and science -- The spirit at work in the world : a Pentecostal perspective on the divine action project -- Natural laws and divine redemption : teleology, eschatology, and the activity of the spirit -- Ruach over the primordial waters : a pneumatological theology of emergence -- A spirit-filled creation? Toward a pneumatological cosmology. |
| 650 #0 - SUBJECT ADDED ENTRY--TOPICAL TERM | |
| Topical term or geographic name entry element | Religion and science. |
| 9 (RLIN) | 6213 |
| 650 #0 - SUBJECT ADDED ENTRY--TOPICAL TERM | |
| Topical term or geographic name entry element | Pentecostalism |
| General subdivision | Doctrines. |
| 9 (RLIN) | 17649 |
| 830 #0 - | |
| -- | Pentecostal manifestos. |
| -- | 17650 |
| 906 ## - LOCAL DATA ELEMENT F, LDF (RLIN) | |
| a | 7 |
| b | cbc |
| c | orignew |
| d | 1 |
| e | ecip |
| f | 20 |
| g | y-gencatlg |
| 942 ## - ADDED ENTRY ELEMENTS (KOHA) | |
| Source of classification or shelving scheme | Dewey Decimal Classification |
| Koha item type | Books |
| Withdrawn status | Lost status | Source of classification or shelving scheme | Damaged status | Not for loan | Home library | Current Library | Shelving location | Date acquired | Total checkouts | Full call number | Barcode | Date last seen | Copy number | Price effective from | Koha item type |
|---|---|---|---|---|---|---|---|---|---|---|---|---|---|---|---|
| Dewey Decimal Classification | GRACE BIBLE COLLEGE | GRACE BIBLE COLLEGE | Ministry & Mission | 2024-04-10 | 261.55 YON | 016714 | 2025-05-01 | c.1 | 2024-04-10 | Books | |||||
| Dewey Decimal Classification | GRACE BIBLE COLLEGE | GRACE BIBLE COLLEGE | Ministry & Mission | 2024-11-19 | 261.55 YON | 020838 | 2025-05-01 | c.2 | 2024-11-19 | Books |